| 000 | 01507nam a2200445 i 4500 | ||
|---|---|---|---|
| 001 | 42250 | ||
| 003 | KOSZ 005 | ||
| 005 | 20211229141602.0 | ||
| 008 | 021218s2002 pl a |000 0 pol | ||
| 015 | _aUWD 2003/1041 | ||
| 020 | _a8388690361 | ||
| 035 | _a991019978049705066 | ||
| 035 | _a(PL-WaBN)b15415132-48omnis_nlop | ||
| 035 | _ab15415132 | ||
| 035 | _a(OCoLC)830377993 | ||
| 035 | _a(PL)b0000001541513 | ||
| 035 | _a(EXLNZ-48OMNIS_NETWORK)9910403365505606 | ||
| 040 |
_aWA N _cWA N _dKOSZ 005/HR |
||
| 041 | 0 | _apol | |
| 046 | _k2002 | ||
| 080 | _a004.42 | ||
| 080 | _a311 | ||
| 080 | _a(075.8) | ||
| 100 | 1 |
_aLuszniewicz, Andrzej _d(1930- ) _eAutor |
|
| 245 | 1 | 0 |
_aStatystyka w biznesie : _blaboratoria komputerowe : STATISTICA TM PL wersja 6 / _cAndrzej Luszniewicz. |
| 260 |
_aWarszawa : _bWyższa Szkoła Handlu i Prawa im. Ryszarda Łazarskiego. Oficyna Wydawnicza , _c2002. |
||
| 300 |
_a132 s. : _bil., err. ; _c21 cm. |
||
| 336 |
_aTekst _btxt _2rdacontent |
||
| 337 |
_aBez urządzenia pośredniczącego _bn _2rdamedia |
||
| 338 |
_aWolumin _bnc _2rdacarrier |
||
| 380 | _aKsiążki | ||
| 388 | _a2001- | ||
| 650 | 7 |
_aStatistica (program komputerowy) _2DBN |
|
| 650 | 7 |
_aStatystyka _2DBN |
|
| 655 | 7 |
_aPodręczniki akademickie _2DBN |
|
| 658 | _aInformatyka i technologie informacyjne | ||
| 856 |
_uhttp://koha.tu.koszalin.pl/cgi-bin/koha/opac-detail.pl?biblionumber=42250 _yKatalog online BPK |
||
| 942 |
_2UKD _cKS |
||
| 999 |
_c42250 _d42250 |
||